000 00565cab a2200193 4500
001 ABS41195
008 090401t1989 xxu||||| |||| 00| 0 eng d
035 _a(Sirsi) u28713
041 _aeng
100 _aChevin, D.
245 _aAutomatic attraction
260 _c1989
350 _a0
490 _aBuilding
_v254(35) 1 September 1989, 42-43(2)
520 _aReports on British efforts to compete with Japan in designing robots for use in the construction industry .
690 _aBUILDING AND CONSTRUCTION-COMPUTERS
942 _n0
948 _c04/03/1997
999 _c19307
_d19307